Коррозия и защита от коррозии газонефтепроводов (СО): электронный курс
| প্রধান লেখক: | |
|---|---|
| সংস্থা লেখক: | |
| সংক্ষিপ্ত: | Заглавие с экрана В курсе рассматриваются способы защиты объектов трубопроводного транспорта нефти и газа от коррозии, которая наносит значительный прямой и косвенный ущерб. Особое внимание уделяется технологиям, обеспечивающим сохранность металлического фонда страны, предотвращение убытков в результате безвозвратной потери металла в виде продуктов коррозии. Знания, полученные в курсе, помогут сформировать экономический подход к решению проблем защиты, имеющий целью уменьшить убытки, складывающиеся из стоимости труб и других металлических конструкций, пришедших в негодность вследствие коррозионного разрушения; освоить способы повышения надежности оборудования, которое в результате коррозии может разрушиться с катастрофическими последствиями (вследствие разгерметизации магистральных нефтегазопроводов и резервуаров для хранения нефти и нефтепродуктов), применять методы предотвращения убытков, связанными с косвенными потерями в народном хозяйстве (остановка предприятий из-за недопоставки нефти и газа, потери транспортируемого продукта, загрязнение окружающей среды). Доступ по логину и паролю |
| ভাষা: | রুশ |
| প্রকাশিত: |
Томск, TPU Moodle, 2016
|
| বিষয়গুলি: | |
| অনলাইন ব্যবহার করুন: | https://design.lms.tpu.ru/course/view.php?id=1439 |
| বিন্যাস: | বৈদ্যুতিক গ্রন্থ |
| KOHA link: | https://koha.lib.tpu.ru/cgi-bin/koha/opac-detail.pl?biblionumber=666002 |
MARC
| LEADER | 00000nlm0a2200000 4500 | ||
|---|---|---|---|
| 001 | 666002 | ||
| 005 | 20241219063140.0 | ||
| 035 | |a (RuTPU)RU\TPU\network\37206 | ||
| 035 | |a RU\TPU\network\16796 | ||
| 090 | |a 666002 | ||
| 100 | |a 20211129d2016 m y0rusy50 ca | ||
| 101 | 0 | |a rus | |
| 102 | |a RU | ||
| 105 | |a a j 000zy | ||
| 135 | |a jrcn ---uucaa | ||
| 181 | 0 | |a i | |
| 182 | 0 | |a b | |
| 200 | 1 | |a Коррозия и защита от коррозии газонефтепроводов (СО) |e электронный курс |f П. В. Бурков |g Национальный исследовательский Томский политехнический университет (ТПУ), Институт природных ресурсов (ИПР), Кафедра транспорта и хранения нефти и газа (ТХНГ) | |
| 203 | |a Текст |c электронный | ||
| 210 | |a Томск |c TPU Moodle |d 2016 | ||
| 230 | |a Электрон. дан. | ||
| 300 | |a Заглавие с экрана | ||
| 330 | |a В курсе рассматриваются способы защиты объектов трубопроводного транспорта нефти и газа от коррозии, которая наносит значительный прямой и косвенный ущерб. Особое внимание уделяется технологиям, обеспечивающим сохранность металлического фонда страны, предотвращение убытков в результате безвозвратной потери металла в виде продуктов коррозии. Знания, полученные в курсе, помогут сформировать экономический подход к решению проблем защиты, имеющий целью уменьшить убытки, складывающиеся из стоимости труб и других металлических конструкций, пришедших в негодность вследствие коррозионного разрушения; освоить способы повышения надежности оборудования, которое в результате коррозии может разрушиться с катастрофическими последствиями (вследствие разгерметизации магистральных нефтегазопроводов и резервуаров для хранения нефти и нефтепродуктов), применять методы предотвращения убытков, связанными с косвенными потерями в народном хозяйстве (остановка предприятий из-за недопоставки нефти и газа, потери транспортируемого продукта, загрязнение окружающей среды). | ||
| 333 | |a Доступ по логину и паролю | ||
| 606 | 1 | |a Трубопроводы магистральные |x Защита от коррозии |x Электрохимический метод |2 stltpush |3 (RuTPU)RU\TPU\subj\61787 |9 78950 | |
| 610 | 1 | |a электронный ресурс | |
| 610 | 1 | |a труды учёных ТПУ | |
| 610 | 1 | |a электронное обучение | |
| 610 | 1 | |a электронные курсы ТПУ | |
| 610 | 1 | |a электронные учебные пособия | |
| 610 | 1 | |a учебные пособия | |
| 610 | 1 | |a дистанционное образование | |
| 610 | 1 | |a дистанционное обучение | |
| 610 | 1 | |a трубные стали | |
| 610 | 1 | |a структура | |
| 610 | 1 | |a коррозионные процессы | |
| 610 | 1 | |a коррозионные разрушения | |
| 610 | 1 | |a химическая коррозия | |
| 610 | 1 | |a электрохимическая коррозия | |
| 675 | |a 622.691.4.076(075.8) |v 3 | ||
| 700 | 1 | |a Бурков |b П. В. |c инженер-механик |c профессор Томского политехнического университета и Юргинского технологического института (филиала) Томского политехнического университета, доктор технических наук |f 1957- |g Пётр Владимирович |7 ca |8 rus |2 stltpush |3 (RuTPU)RU\TPU\pers\24291 |9 10756 | |
| 712 | 0 | 2 | |a Национальный исследовательский Томский политехнический университет (ТПУ) |b Институт природных ресурсов (ИПР) |b Кафедра транспорта и хранения нефти и газа (ТХНГ) |h 257 |2 stltpush |3 (RuTPU)RU\TPU\col\18661 |
| 801 | 2 | |a RU |b 63413507 |c 20220607 |g RCR | |
| 856 | 4 | |u https://design.lms.tpu.ru/course/view.php?id=1439 | |
| 942 | |c CF | ||